00932 a2200181 45000010006000000050017000060080041000230030015000640400040000790800061001192450064001802500012002442640049002563000019003055050396003240410008007201000022007285671920260407155830.0260407a1973 arg spa dAR-UNSa-BCEJYS aAR-UNSa-BCEJYSbspacAR-UNSa-BCEJYS a16xLógica. Epistemología. Teoría del conocimiento10aLógicape introducción a la problamática filosófica a2a. ed. 1aBuenos Aires :bEspasa-Calpe Argentinac1973 a302 p.c22 cm. a1. El pensamiento y la lógica - 2. Los principios lógicos - 3. El concepto - 4. El juicio - 5. La definición - 6. El razonamiento - 7. El silogismo - 8. Nociones de lógica moderna - 9. Conocimiento vulgar y conocimiento científico - 10. El método - 11. La matemática - 12. Las ciencias naturales - 13. Las ciencias del espíritu y la filosofía - 14. Metafísica - 15. Etica aspa1 aRomero, Francisco